Welcome to CU Library Online Public Access Catalogue (OPAC)

College algebra. (Record no. 1278)

MARC details
000 -LEADER
fixed length control field 00624pam a2200217 a 4500
001 - CONTROL NUMBER
control field 1559102
005 - DATE AND TIME OF LATEST TRANSACTION
control field 20241118140638.0
008 - FIXED-LENGTH DATA ELEMENTS--GENERAL INFORMATION
fixed length control field 920417s1993 nyua 001 0 eng
020 ## - INTERNATIONAL STANDARD BOOK NUMBER
International Standard Book Number 9780070049956
050 00 - LIBRARY OF CONGRESS CALL NUMBER
Classification number QA154.2
Item number .B35 1993
082 00 - DEWEY DECIMAL CLASSIFICATION NUMBER
Classification number 512.9
Edition information 20
100 1# - MAIN ENTRY--PERSONAL NAME
Personal name Barnett, Raymond A.
245 10 - TITLE STATEMENT
Title College algebra.
250 ## - EDITION STATEMENT
Edition statement 5th ed. /
Remainder of edition statement Raymond A. Barnett, Michael R. Ziegler.
260 ## - PUBLICATION, DISTRIBUTION, ETC.
Place of publication, distribution, etc. New York :
Name of publisher, distributor, etc. McGraw-Hill,
Date of publication, distribution, etc. c1993.
300 ## - PHYSICAL DESCRIPTION
Extent xix, 660, [61] p. :
Other physical details ill. (some col.) ;
Dimensions 27 cm.
500 ## - GENERAL NOTE
General note Includes index.
650 #0 - SUBJECT ADDED ENTRY--TOPICAL TERM
Topical term or geographic name entry element Algebra.
700 1# - ADDED ENTRY--PERSONAL NAME
Personal name Ziegler, Michael R.
942 ## - ADDED ENTRY ELEMENTS (KOHA)
Source of classification or shelving scheme Library of Congress Classification
Koha item type Books
Edition 5th Ed.
Suppress in OPAC No
999 ## -
-- 1278
-- 1278
Holdings
Withdrawn status Lost status Source of classification or shelving scheme Damaged status Not for loan Collection Home library Current library Shelving location Date acquired Total checkouts Full call number Barcode Date last seen Copy number Price effective from Koha item type
    Library of Congress Classification     Non-fiction Science Library (Miotso) Science Library (Miotso) General stacks 11/18/2024   QA154.2 BAR SLM00000618 11/18/2024 1 11/18/2024 Books
    Library of Congress Classification     Non-fiction Science Library (Miotso) Science Library (Miotso) General stacks 11/18/2024   QA154.2 BAR SLM00000619 11/18/2024 2 11/18/2024 Books
    Library of Congress Classification     Non-fiction Science Library (Miotso) Science Library (Miotso) General stacks 11/18/2024   QA154.2 BAR SLM00000620 11/18/2024 3 11/18/2024 Books
    Library of Congress Classification     Non-fiction Science Library (Miotso) Science Library (Miotso) General stacks 11/18/2024   QA154.2 BAR SLM00000621 11/18/2024 4 11/18/2024 Books
    Library of Congress Classification     Non-fiction Science Library (Miotso) Science Library (Miotso) General stacks 11/18/2024   QA154.2 BAR SLM00000622 11/18/2024 5 11/18/2024 Books
    Library of Congress Classification     Non-fiction Science Library (Miotso) Science Library (Miotso) General stacks 11/18/2024   QA154.2 BAR SLM00000623 11/18/2024 6 11/18/2024 Books
    Library of Congress Classification     Non-fiction Science Library (Miotso) Science Library (Miotso) General stacks 11/18/2024   QA154.2 BAR SLM00000624 11/18/2024 7 11/18/2024 Books
© 2023-2024 Copyright: Central University Libraries. All Rights Reserved | Created by: Mahone Tech Office